Онежские былины, записанные А.Ф. Гильфердингом летом 1871 года. Т. 3: [Водлозеро | Кенозеро | Моша (Запись № 9438393)

Подробности
000 -МАРКЕР
контрольное поле 01882nam2a22002771 4500
001 - ИДЕНТИФИКАТОР ЗАПИСИ
контрольное поле rc\4092586
005 - ИДЕНТИФИКАТОР ВЕРСИИ
контрольное поле 20260406100204.0
021 ## - НОМЕР ГОСУДАРСТВЕННОЙ РЕГИСТРАЦИИ
Код страны Российская Федерация
Номер [51-6493]
035 ## - ДРУГИЕ СИСТЕМНЫЕ НОМЕРА
Идентификатор записи (NLR Aleph) 008133411
100 ## - ДАННЫЕ ОБЩЕЙ ОБРАБОТКИ
Данные общей обработки 20130415d1951 u y0rusy50 ca
101 0# - ЯЗЫК РЕСУРСА
Язык текста, звукозаписи и т.д. русский
102 ## - СТРАНА ПУБЛИКАЦИИ ИЛИ ПРОИЗВОДСТВА
Страна публикации Российская Федерация
105 ## - ПОЛЕ КОДИРОВАННЫХ ДАННЫХ: ТЕКСТОВЫЕ МАТЕРИАЛЫ, МОНОГРАФИЧЕСКИЕ
Кодированные данные о монографическом текстовом документе y z |||||
200 1# - ЗАГЛАВИЕ И СВЕДЕНИЯ ОБ ОТВЕТСТВЕННОСТИ
Основное заглавие [Водлозеро
-- Кенозеро
-- Моша
Первые сведения об ответственности Подготовка текста и коммент. А.И. Никифорова и Г.С. Виноградова]
210 ## - ПУБЛИКАЦИЯ, РАСПРОСТРАНЕНИЕ И ДР.
Имя издателя, распространителя и т. д. Изд-во Акад. наук СССР
Дата издания, распространения и т.д. 1951
215 ## - ФИЗИЧЕСКАЯ ХАРАКТЕРИСТИКА
Специфическое обозначение материала и объем 671 с.
461 #0 - УРОВЕНЬ НАБОРА
Встроенное поле 001rc\4092583
-- 2001#$aОнежские былины, записанные А.Ф. Гильфердингом летом 1871 года$f[Отв. ред. проф. А.М. Астахова$gВступ. статья: В.Г. Базанов. "А.Ф. Гильфердинг и его "Онежские былины", с. 1-28]$gАкад. наук СССР. Ин-т рус. литературы (Пушкинский дом). Сектор фольклора$vТ. 3
-- 700#1$aГильфердинг$bА.Ф.$f1831-1872$gАлександр Федорович
Системный номер (АБИС) связанной записи 9438375
Автор Гильфердинг, А.Ф. (1831-1872)
Место публикации Москва
Дата публикации 1949
Издание 4-е изд. Т. 1-
Первые сведения об ответственности [Отв. ред. проф. А.М. Астахова
Имя издателя, распространителя и т.д. Изд-во и 1-я тип. Изд-ва Акад. наук СССР в Л.
Заглавие Онежские былины, записанные А.Ф. Гильфердингом летом 1871 года
Номер тома Т. 3
702 #1 - ИМЯ ЛИЦА - ВТОРИЧНАЯ ОТВЕТСТВЕННОСТЬ
Начальный элемент ввода Виноградов
Часть имени, кроме начального элемента ввода Г.С.
Код отношения Комментатор печатного текста
702 #1 - ИМЯ ЛИЦА - ВТОРИЧНАЯ ОТВЕТСТВЕННОСТЬ
Код отношения Комментатор печатного текста
Графика поля Кириллица
Материалы, к которым относится поле rus
Начальный элемент ввода Никифоров
Часть имени, кроме начального элемента ввода А. И.
Дополнения к именам, кроме дат филолог, этнограф, фольклорист
Даты 1893-1942
Расширение инициалов личного имени Александр Исаакович
Идентификатор авторитетной/нормативной записи RU\NLR\AUTH\770288660
Системный номер авторитетной/нормативной записи 2692862
801 #0 - ИСТОЧНИК ЗАПИСИ
Страна Российская Федерация
Организация NLR
Правила каталогизации psbo
801 #1 - ИСТОЧНИК ЗАПИСИ
Страна Российская Федерация
Организация ELAR
Источник данных rusmarc
852 ## - МЕСТОНАХОЖДЕНИЕ И ШИФР ХРАНЕНИЯ
Идентификатор организации NLR
Шифр хранения (Call Number) Л20 Г-5/182
942 ## - ДОПОЛНИТЕЛЬНЫЕ ЭЛЕМЕНТЫ ЗАПИСИ (АБИС)
Тип экземпляра АБИС Книга
980 ## - КОЛЛЕКЦИЯ
Название коллекции Национальная библиография
Экземпляры
Тип экземпляра Дата поступления Библиотека постоянного хранения Библиотека текущего хранения Место хранения Шифр хранения Штрих-код Статус экземпляра Стоимость Источник поступления
Книга 03.12.2013 РНБ (Московский) РНБ (Московский) Фонд общего зала литературы по филологии, педагогике и искусству (гуманитарной литературы) Л1 Ш3(2=Р)-611/О-584 1-189154   27.00  
Книга 26.10.2013 РНБ (Садовая) РНБ (Садовая) Русский книжный фонд -Главное здание, Ленинский читальный зал Л20 Г-5/182 8133411-10      
Книга 24.04.2014 РНБ (Садовая) РНБ (Садовая) Фонд научного зала литературы и искусства Нз Ш3(2=Р)0/Б-954г 1-491459     Подсобные фонды РНБ